| 000 | 00000nas 2200000za 4500 |
| 001 | 9.864634 |
| 003 | CaOODSP |
| 005 | 20250403110144 |
| 007 | cr ||||||||||| |
| 008 | 181113d19701980oncar p oss f000#b0fre| |
| 022 | |y0384-4161 |
| 040 | |aCaOODSP|bfre |
| 041 | |aeng|afre |
| 043 | |an-cn--- |
| 086 | 1 |aCS35-214-PDF |
| 130 | 0 |aElectric lamp and shade manufacturers (Final) |
| 245 | 00|aElectric lamp and shade manufacturers |h[ressource électronique] / |cStatistics Canada, Manufacturing and Primary Industries Division = Industrie des lampes électriques et des abat-jour / Statistique Canada, Division des industries manufacturières et primaires. |
| 246 | 11|aIndustrie des lampes électriques et des abat-jour |
| 260 | |aOttawa : |bStatistics Canada =Statistique Canada, Division des industries manufacturières et primaires, |c1972-1982. |
| 300 | |a11 v. |
| 310 | |aAnnuel |
| 362 | 0 |a1970-1980. |
| 490 | 0 |aAnnual census of manufactures = Recensement annuel des manufactures |
| 500 | |aÉdition numérisée de l’imprimé [par Statistique Canada] |
| 546 | |aTexte en anglais et en français. |
| 550 | |aPublié 1979-1980, par la Section des machines, du bois et des produits en métal. |
| 580 | |aSuivi de : Miscellaneous furniture industries. |
| 580 | |aFusionné avec: Battery manufacturers (Final); Manufacturers of miscellaneous electrical products (Final); and, Manufacturers of lighting fixtures (Final) et devient: Miscellaneous electrical industries. |
| 692 | 07|2gccst|aIndustrie de l'électronique |
| 692 | 07|2gccst|aIndustrie du meuble |
| 692 | 07|2gccst|aIndustrie de la fabrication |
| 710 | 1 |aCanada. |bStatistique Canada. |bSection des machines, du bois et des produits en métal. |
| 710 | 1 |aCanada. |bStatistique Canada. |bDivision des industries manufacturières et primaires. |
| 710 | 2 |aStatistique Canada. |
| 780 | 00|tElectric lamp and shade industry |w(CaOODSP)9.864632 |
| 785 | 00|tMiscellaneous electrical industries |w(CaOODSP)9.833019 |
| 791 | |tElectric lamp and shade manufacturers |eeng|w(CaOODSP)9.864633 |